000 00773nam a22001577a 4500
003 OSt
005 20150917142527.0
008 150917b xxu||||| |||| 00| 0 eng d
040 _cRUA
082 _aAGR KHU 2005 B031 Or.1
100 _9679
_aKHUT, SOKMENG.
245 _aThe effect of chemical and compost fertilizer on quality of senpidor rice variety at the royal university of agriculture ឥទ្ធិពលជីគីមីនិងជីកំប៉ុស្ដិ៍ទៅលើគុណភាពរបស់ពូជស្រូវសែនពិដោរក្នុងលក្ខខណ្ឌសាកលវិទ្យាល័យភូមិន្ទកសិកម្ម
260 _aPhnom Penh
_bRUA
_c2005
300 _a48p.
_bill.
_c29cm.
942 _2ddc
_cAGR
999 _c654
_d654